| 000 | 00589cam a22001932 4500 | ||
|---|---|---|---|
| 001 | 0000018606 | ||
| 005 | 20151021151127.0 | ||
| 008 | 100216s xx 000 0 eng d | ||
| 040 |
_aKABU _cKABU |
||
| 050 | 0 |
_aJQ2947 _b.A56C6K46 2009 |
|
| 110 | 2 |
_aKenya Anti-Corruption Commission. _@0000160844 |
|
| 245 | 1 | 0 | _aAnnual report 2008 - 2009. |
| 260 |
_aNairobi : _bKACC, _c2009. |
||
| 300 | _axvi, 68 p. | ||
| 651 | 0 |
_aKenya _xCorrupt practices _y2008 - 2009. _@0000177930 |
|
| 852 | 1 | _9p500 KES | |
| 908 | _a100216 | ||
| 950 | _@1 | ||
| 999 |
_c962 _d962 |
||